MARC
LEADER
00000nam2a2200000 4500
001
209496
005
20231031191755.0
035
|a (RuTPU)RU\TPU\book\228830
090
|a 209496
100
|a 20120213d1981 km y0rusy50 ca
101
0
|a rus
102
|a RU
105
|a a z 001zy
200
0
|a Вып. 7
210
|d 1981
215
|a 230 с.
|c ил.
320
|a Библиография в конце статей
461
1
|0 (RuTPU)RU\TPU\book\226521
|t Импульсная фотометрия
|o [сборник статей]
|f Государственный оптический институт им. С. И. Вавилова ; под ред. А. А. Волькенштейна
|v Вып. 7
|d 1969-1986
610
1
|a импульсная фотометрия
610
1
|a лазерное излучение
610
1
|a метрология
610
1
|a термоэлектрические приборы
610
1
|a измерения
610
1
|a фотоэлектрические методы
610
1
|a пространственные методы
610
1
|a спектральные параметры
610
1
|a фотоэлектрические приемники
675
|a 621.374
|v 3
801
1
|a RU
|b 63413507
|c 20120213
801
2
|a RU
|b 63413507
|c 20120213
|g RCR
942
|c BK